| 000 | 00741cam a2200229 4500 | ||
|---|---|---|---|
| 001 | WB3606-02 | ||
| 008 | 000000n2000 000 0 eng u | ||
| 035 | _a(Sirsi) u104105 | ||
| 245 | _aConstructionline discount | ||
| 260 | _c2000 | ||
| 490 |
_aCSM (Chartered Surveyor Monthly) _vFebruary 2000, 5(1) |
||
| 520 | _aThe RICS has negotiated a discount for members signing up to Constructionline, a register of suppliers of construction services used by public bodies when inviting tenders. | ||
| 590 | _aWB | ||
| 650 | _aCONSTRUCTIONLINE | ||
| 650 | _aRICS | ||
| 650 | _aPUBLIC PROCUREMENT | ||
| 650 | _aDISCOUNT | ||
| 650 | _aCONSTRUCTION SERVICES | ||
| 650 | _aREGISTRATION FEES | ||
| 690 | _aBUILT ENVIRONMENT | ||
| 942 | _n0 | ||
| 999 |
_c62480 _d62480 |
||